000 00696nam a22002057a 4500
005 20140210172208.0
010 _aB-506999-030
020 _a9788130406305
_c150.00
020 _a8130406306
_c150.00
035 _aB-506999-030
037 _adpl
_bUBH/Ven
082 _aS
100 _aKarishma
245 _aBest of Devotees Stories/
_c by Karishma; edited by Shyam Dua
260 _aNoida
_bTiny Tot Publications
_c2012
270 _aH-37, Sector-63
_bNoida (G.B.Nagar) (U.P.)
_e201301
_k9310163582, 9310167314,1020-450157
300 _a144p:
_bcol.ill.
_c24cm(Hb)
942 _2ddc
_cCH
_hS
_mBES
999 _c82263
_d82263